000 00693nam a22002057a 4500
005 20240530110520.0
008 160217s2012 ua g 000 1 ara d
017 _a2012/11007
_bمصر . دار الكتب المصرية
020 _a9789774277467
040 _aEG-CaGPL
082 0 4 _221
_a813.03\
_bع غ
100 0 _aعبدالجبار ناصر .
245 1 0 _aغرباء مثل الحسين /
_cعبدالجبار ناصر .
250 _aط1.
260 _aالقاهرة :
_bالدار المصرية اللبنانية ،
_c2012 .
300 _a296 ص ؛
_c20 سم .
650 0 4 _aالقصص العربية .
942 _2ddc
_cBK
999 _c61877
_d61877